THE ZONE : (Record no. 183966)

MARC details
000 -LEADER
fixed length control field 00863nam a22002891i 4500
005 - DATE AND TIME OF LATEST TRANSACTION
control field 20210517111324.0
008 - FIXED-LENGTH DATA ELEMENTS--GENERAL INFORMATION
fixed length control field 210517t1995 nyu |||e ||| ||1 0 eng d
020 ## - INTERNATIONAL STANDARD BOOK NUMBER
International Standard Book Number 9780060987169
Qualifying information paperback
040 ## - CATALOGING SOURCE
Original cataloging agency PPAK
Language of cataloging eng
Transcribing agency PPAK
Description conventions rda
082 04 - DEWEY DECIMAL CLASSIFICATION NUMBER
Edition number 23
Classification number 613.25
090 00 - LOCALLY ASSIGNED LC-TYPE CALL NUMBER (OCLC); LOCAL CALL NUMBER (RLIN)
Classification number (OCLC) (R) ; Classification number, CALL (RLIN) (NR) 613.25
Feature heading SEA
Feature heading KAO
100 1# - MAIN ENTRY--PERSONAL NAME
Personal name Sears, Barry,
Dates associated with a name 1947-
Relator term author.
245 14 - TITLE STATEMENT
Title THE ZONE :
Remainder of title A Dietary Road Map /
Statement of responsibility, etc. Barry Sears, Ph.D with Bill Lawren
264 #1 - PRODUCTION, PUBLICATION, DISTRIBUTION, MANUFACTURE, AND COPYRIGHT NOTICE
Place of production, publication, distribution, manufacture New York :
Name of producer, publisher, distributor, manufacturer ReganBooks ,
Date of production, publication, distribution, manufacture, or copyright notice 1995
Date of production, publication, distribution, manufacture, or copyright notice ©1995
300 ## - PHYSICAL DESCRIPTION
Extent xvii, 328 pages :
Other physical details charts ;
Dimensions 24 cm.
336 ## - CONTENT TYPE
Source rdacontent
Content type term text
337 ## - MEDIA TYPE
Source rdamedia
Media type term unmediated
338 ## - CARRIER TYPE
Source rdacarrier
Carrier type term volume
500 ## - GENERAL NOTE
General note Includes index.
504 ## - BIBLIOGRAPHY, ETC. NOTE
Bibliography, etc. note Bibliography : pages 271-310.
650 10 - SUBJECT ADDED ENTRY--TOPICAL TERM
Topical term or geographic name entry element Reducing diet.
Topical term or geographic name entry element Nutrition.
Topical term or geographic name entry element Weight loss.
700 1# - ADDED ENTRY--PERSONAL NAME
Personal name Lawren, Bill,
Relator term author.
942 ## - ADDED ENTRY ELEMENTS (KOHA)
Source of classification or shelving scheme Dewey Decimal Classification
Koha item type Book
Holdings
Withdrawn Not for loan Current library Shelving location Date acquired Total Checkouts Full call number Barcode Date last seen Koha item type
  Not For Loan Perpustakaan Jitra Koleksi Asmah Haji Omar 07/09/2021   KAO 613.25 SEA KAO000413 07/09/2021 Book